| 000 | 00722nam a2200229Ia 4500 | ||
|---|---|---|---|
| 003 | OSt | ||
| 005 | 20220926043438.0 | ||
| 006 | a|||||r|||| 00| 0 | ||
| 007 | ta | ||
| 008 | 220923b |||||||| |||| 00| 0 eng d | ||
| 037 | _cGeneral Book | ||
| 040 |
_aRTL _cRTL _beng |
||
| 041 |
_2eng _aeng |
||
| 082 | _aX 9(D66) :6p2, N63 | ||
| 110 |
_aGovt of India. Irrigation and power (Central Board--) (India) _9347763 |
||
| 245 | 0 | _aSymposium on tariffs and financial policies tobe f | |
| 490 | _aIts Publication , 74. | ||
| 650 | _aElectrical | ||
| 700 |
_aGovt of India. Irrigation and power (Central Board--) (India) _9347764 |
||
| 942 |
_hX 9(D66) :6p2, N63 _cGB _2CC |
||
| 999 |
_c672359 _d672359 |
||